Изучение сорбционных свойств наноразмерного оксида алюминия по отношению к ионам хрома (VI); Химия и химическая технология в XXI веке

Xehetasun bibliografikoak
Parent link:Химия и химическая технология в XXI веке.— 2003.— С. 73-74
Egile nagusia: Даниленко Н. Б. Нина Борисовна
Beste egile batzuk: Сизов С. В. (научный руководитель), Юрмазова Т. А.
Hizkuntza:errusiera
Argitaratua: 2003
Gaiak:
Formatua: Liburu kapitulua
KOHA link:https://koha.lib.tpu.ru/cgi-bin/koha/opac-detail.pl?biblionumber=229914

MARC

LEADER 00000naa2a2200000 4500
001 229914
005 20240110125103.0
035 |a (RuTPU)RU\TPU\book\250574 
090 |a 229914 
100 |a 20130116d2003 k y0rusy50 ca 
101 0 |a rus 
102 |a RU 
200 1 |a Изучение сорбционных свойств наноразмерного оксида алюминия по отношению к ионам хрома (VI)  |f Н. Б. Даниленко, С. В. Сизов  |g науч. рук. Т. А. Юрмазова 
463 0 |0 (RuTPU)RU\TPU\book\84423  |t Химия и химическая технология в XXI веке  |o тезисы IV Всероссийской студенческой научно-практической конференции, 13-14 мая 2003, Томск  |f ТПУ  |v С. 73-74  |d 2003   |p 148 с. 
610 1 |a сорбционные свойства 
610 1 |a оксид алюминия 
610 1 |a наноразмерные оксиды 
610 1 |a ионы хрома 
610 1 |a исследование 
610 1 |a труды учёных ТПУ 
700 1 |a Даниленко  |b Н. Б.  |c химик  |c доцент Томского политехнического университета, кандидат химических наук  |f 1982-  |g Нина Борисовна  |3 (RuTPU)RU\TPU\pers\33301  |9 17046 
701 1 |a Сизов  |b С. В. 
702 1 |a Юрмазова  |b Т. А.  |4 727 
801 1 |a RU  |b 63413507  |c 20130116 
801 2 |a RU  |b 63413507  |c 20150115  |g RCR 
942 |c BK